000 00438cam a22001575a 4500
001 J100782
008 000000s1917 xxk 000 0 eng u
035 _a(Sirsi) u100782
110 _aSurveyors' Institution
_93783
245 _aReport of the Housing Committee to the Council of the Institution, October 1917.
260 _c1917
300 _a48p.
651 4 _aUnited Kingdom
_y
690 _aResidential property
_96266
942 _n0
999 _c99827
_d99827